000 01029nam a2200253Ia 4500
003 OSt
005 20221005133630.0
006 a|||||r|||| 00| 0
007 ta
008 221004b |||||||| |||| 00| 0 hin d
024 _a35966
037 _cTextual
040 _aCRL
_cCRL
_bhin
041 _2hin
_ahin
100 _aपूनम, ले.
_9159534
110 _aदिल्ली विश्वविद्यालय. कला संकाय. हिन्दी विभाग
245 0 _aलक्ष्मीनारायण लाल कृत अंधा कुआँ नाटक में स्त्री प्रश्न।
246 _aLakṣhmīnārāyaṇ lāl kṛut aandhā kuāँ nāṭak mean strī prashna।
260 _c2014
300 _a142पृ.
_ccm.
700 _aदिल्ली विश्वविद्यालय. कला संकाय. हिन्दी विभाग
942 _cTEXL
_2cc
999 _c1067388
_d1067388